书目信息 |
| 题名: |
斯大林全集
|
|
| 作者: | ;中共中央马恩列斯著作编译局 编译 | |
| 分册: | 第二卷 | |
| 出版信息: | 北京 人民出版社 1953.12 |
|
| 页数: | 401页 | |
| 开本: | 21cm | |
| 丛书名: | ||
| 单 册: | ||
| 中图分类: | A3 | |
| 科图分类: | ||
| 主题词: | 斯大林著作 | |
| 电子资源: | ||
| ISBN: | ||
| 000 | 00635nam0 2200193 45 | |
| 001 | 0181023595 | |
| 005 | 20060726113058.78 | |
| 010 | @dCNY1.70 | |
| 100 | @a20810111d km y0chiy0120 ea | |
| 101 | 0 | @achi |
| 200 | 1 | @a斯大林全集@ASi Da Lin Quan Ji@h第二卷@e1907-1913年@E1907-1913 Nian@f中共中央马恩列斯著作编译局编译@FZhong Gong Zhong Yang Ma En Lie Si Zhu ZuoBian Yi Ju Bian Yi |
| 210 | @a北京@c人民出版社@d1953.12 | |
| 215 | @a401页@d21cm | |
| 517 | @a1907-1913年@A1907-1913 Nian | |
| 606 | 0 | @a斯大林著作 |
| 690 | @aA3@v3 | |
| 711 | 02 | @a中共中央马恩列斯著作编译局@4编译 |
| 801 | @aCN@bTSTC@c20060726 | |
| 905 | @dA3@f1@b166811@e5:2 | |
| 斯大林全集.第二卷:1907-1913年/中共中央马恩列斯著作编译局编译.-北京:人民出版社,1953.12 |
| 401页;21cm |
| ISBN :CNY1.70 |
| ● |
| 相关链接 |
|
|
|
|
正题名:斯大林全集
索取号:A3/5:2
 
预约/预借
| 序号 | 登录号 | 条形码 | 馆藏地/架位号 | 状态 | 备注 |
| 1 | 0166809 | 000950741 | 第一借阅区/ [索取号:A3/5:2] | 在馆 | |
| 2 | 0166810 | 001853417 | 密集书库/ [索取号:A3/5:2] | 在馆 | |
| 3 | 0166811 | 001980075 | 第一样本阅览室/ [索取号:A3/5:2] | 在馆 | |
| 4 | 0166812 | 001853408 | 密集书库/ [索取号:A3/5:2] | 在馆 | |
| 5 | 0426589 | 204265892 | 密集书库/ [索取号:A3/5:2] | 在馆 |